| 000 | 03287nam0a2200529 4500 | ||
|---|---|---|---|
| 001 | RU\NLR\BIBL_A\011945542 | ||
| 005 | 20250809113048.0 | ||
| 020 |
_aRU _9Ленинград в Великой Отечественной войне. Коллекция. Афиши |
||
| 035 | _a(NLR Aleph) 011945542 | ||
| 090 |
_a65508 _c65508 |
||
| 100 | _a20190225d1943 u y0rusy50 ca | ||
| 101 | 0 | _arus | |
| 102 | _aRU | ||
| 105 | _ay z 000zy | ||
| 135 | _acrcn 024anaba | ||
| 200 | 1 |
_aСольные концерты Мастера эстрады Александры Степановны Егоровой, июль 1943 г., 17, суббота _eпартию фортепиано исп. В.К. Арманд _eпри участии: М.Я. Снежиной, Янковской, Н.И. Васильева [и др.] _eведет концерт Д.О. Беккер _e[афиша] _fУправление по делам искусств Исполкома Ленгорсовета, Помещение Театра комедии, Ленгосэстрада |
|
| 210 |
_a[Ленинград] _cЛТ УН-9 _d1943 |
||
| 215 |
_a1 л. _d36х54 |
||
| 300 | _aКасса открыта с 11 до 20 час. Начало в 19 часов | ||
| 300 | _aЗак. 971 | ||
| 325 | _aКопия доступна в Электрон. б-ке РНБ | ||
| 606 | 1 |
_aТеатральная жизнь _yЛенинград, город _z1941 - 1944 _jАфиши _2nlr_sh2 _3RU\NLR\AUTH\6601649837 |
|
| 686 | _aЩ333(2Р=Рус)7- 692Ленинград | ||
| 702 | 1 |
_aЕгорова _bА. С. _cпевица _f1904-1985 _gАлександра Степановна _3RU\NLR\AUTH\770201894 _4005 |
|
| 702 | 1 |
_aАрманд _bВ. К. _cпианист, композитор _gВера Константиновна _3RU\NLR\AUTH\770201904 _4005 |
|
| 702 | 1 |
_aЯнковская _bК. Н. _cартистка эстрады _3RU\NLR\AUTH\770201912 _4005 |
|
| 702 | 1 |
_aСнежина _bМ. В. _cартистка эстрады _gМария В. _3RU\NLR\AUTH\770201919 _4005 |
|
| 702 | 1 |
_aВасильев _bН. И. _cбалалаечник _3RU\NLR\AUTH\770201933 _4005 |
|
| 702 | 1 |
_aБеккер _bД. О. _cдиктор радио _gДавид О. _3RU\NLR\AUTH\770201944 _4005 |
|
| 712 | 0 | 2 |
_aЛенинградская государственная эстрада _3RU\NLR\AUTH\880495396 _4570 |
| 852 |
_aNLR _jЛ3-330а/14/3/1943-июль(2) |
||
| 856 | 0 | _uhttp://vivaldi.nlr.ru/la700000197/view | |
| 856 | 1 | _uhttp://vivaldi.nlr.ru/la700000197/cover | |
| 856 | 2 | _uhttp://vivaldi.nlr.ru/la700000197/text | |
| 942 | _cVISUAL | ||
| 945 | _aРоссийская национальная библиотека | ||
| 980 | _aNB | ||
| 980 | _aBV | ||
| 980 | 3 | _akplen | |
| 980 | 3 | _akp | |
| 981 | 3 | 7 |
_a(37) Ленинград в Великой Отечественной войне _b(37) Афиши блокадного Ленинграда |